[Event "IX JUEGOS DEPORTIVOS NACIONALES DE MENORES 2014"]
[Site "CARPUELA, IMBABURA"]
[Date "2014.11.01"]
[Round "1"]
[Board "2"]
[White "Ortiz Verdesoto, Anahi Eduarda"]
[Black "Vasquez Ruiz, Allison Michelle"]
[Result "1-0"]
[WhiteElo "1604"]
[BlackElo "1610"]
[PlyCount "103"]
[EventDate "2014.11.01"]
[EventRounds "7"]
[EventCountry "ECU"]

1. e4 e5 2. Nf3 Nc6 3. d4 exd4 4. Nxd4 Bc5 5. Nb3 Bb6 6. Nc3 Nf6 7. Qe2 d6 8.
Be3 Be6 9. O-O-O O-O 10. f3 Bxe3+ 11. Qxe3 a6 12. Nc5 Bc8 13. g4 Qe7 14. Nb3 b5
15. g5 Nh5 16. Nd5 Qd8 17. Be2 g6 18. f4 Ng7 19. Qc3 Bd7 20. Nf6+ Kh8 21. Qg3
Ne8 22. e5 Nxf6 23. gxf6 dxe5 24. fxe5 Qe8 25. Bf3 Rd8 26. Nc5 Bc8 27. Rxd8
Nxd8 28. Rd1 Ne6 29. Ne4 Bb7 30. Nc3 Bxf3 31. Qxf3 c5 32. Qe3 Qa8 33. Ne4 c4
34. Nd6 Qg2 35. h4 Qh2 36. Qe4 Kg8 37. Kb1 Qf4 38. Qxf4 Nxf4 39. Ne4 Ne6 40.
Kc1 Re8 41. Rd6 Nf8 42. Rd5 h5 43. Kd2 Ne6 44. Ke3 Rc8 45. c3 Kf8 46. Rd6 Ra8
47. Rb6 Nd8 48. Nc5 Ke8 49. Ke4 Ne6 50. Nxe6 fxe6 51. Rxe6+ Kf8 52. Rd6 1-0

[Event "IX JUEGOS DEPORTIVOS NACIONALES DE MENORES 2014"]
[Site "CARPUELA, IMBABURA"]
[Date "2014.11.01"]
[Round "1"]
[Board "3"]
[White "Arias Moya, Andrea Elizabeth"]
[Black "Nunez Giler, Fanny Cecilia"]
[Result "0-1"]
[WhiteElo "1603"]
[BlackElo "1409"]
[PlyCount "74"]
[EventDate "2014.11.01"]
[EventRounds "7"]
[EventCountry "ECU"]

1. e4 c5 2. Nc3 Nc6 3. g3 g6 4. d3 Bg7 5. Be3 b6 6. Bg2 e6 7. Qd2 a6 8. Nge2
Bb7 9. d4 cxd4 10. Nxd4 Nge7 11. Nde2 Ne5 12. Rd1 Nc4 13. Qc1 Nxe3 14. Qxe3 Rc8
15. Rd6 Nc6 16. O-O Be5 17. Rd2 Na5 18. b3 Bc6 19. Rfd1 Qc7 20. Nd4 O-O 21. Qg5
Bg7 22. Qe3 Rfd8 23. Nxc6 Qxc6 24. Na4 Nc4 25. bxc4 Qxa4 26. Qxb6 Qxa2 27. Rxd7
Rxd7 28. Rxd7 Qxc4 29. Qb7 Rf8 30. Qb3 Qxb3 31. cxb3 Bc3 32. Bf1 a5 33. Ra7 Rd8
34. Bc4 Rd4 35. e5 Re4 36. f4 Bd4+ 37. Kg2 Bxa7 0-1

[Event "IX JUEGOS DEPORTIVOS NACIONALES DE MENORES 2014"]
[Site "CARPUELA, IMBABURA"]
[Date "2014.11.01"]
[Round "1"]
[Board "4"]
[White "Penafiel Mendoza, Josselyne St"]
[Black "Lituma Llugsa, Sofia Jardiel"]
[Result "1-0"]
[WhiteElo "1389"]
[BlackElo "1591"]
[PlyCount "51"]
[EventDate "2014.11.01"]
[EventRounds "7"]
[EventCountry "ECU"]

1. c4 e5 2. Nc3 Bc5 3. Nf3 Nf6 4. Nxe5 d5 5. d4 Bb4 6. Qa4+ Nc6 7. Nxc6 Bxc3+
8. bxc3 bxc6 9. Qxc6+ Bd7 10. Qc5 dxc4 11. Qxc4 O-O 12. Bg5 c6 13. e4 h6 14.
Bxf6 Qxf6 15. Be2 Rfe8 16. e5 Qf5 17. O-O Re6 18. h3 Rg6 19. Bg4 Qe4 20. Rae1
Qf4 21. Bxd7 Qf3 22. Bg4 Qf4 23. e6 h5 24. exf7+ Kh8 25. Re8+ Rxe8 26. fxe8=Q+
 1-0

[Event "IX JUEGOS DEPORTIVOS NACIONALES DE MENORES 2014"]
[Site "CARPUELA, IMBABURA"]
[Date "2014.11.01"]
[Round "1"]
[Board "5"]
[White "Andrade Chaquinga, Deisy Anahi"]
[Black "Paredes Alvarez, Andrea Estefa"]
[Result "0-1"]
[WhiteElo "1569"]
[BlackElo "1340"]
[PlyCount "128"]
[EventDate "2014.11.01"]
[EventRounds "7"]
[EventCountry "ECU"]

1. e4 Nf6 2. Nf3 e5 3. d3 Nc6 4. Nc3 Bb4 5. Bd2 d6 6. a3 Ba5 7. Be2 O-O 8. O-O
h6 9. Re1 Be6 10. b4 Bb6 11. h3 Nd4 12. Nxd4 Bxd4 13. Bf1 c6 14. Qc1 Rc8 15.
Qb2 d5 16. Be3 Bxc3 17. Qxc3 d4 18. Bxd4 exd4 19. Qd2 b6 20. e5 Nd5 21. a4 Nc3
22. a5 c5 23. axb6 axb6 24. bxc5 bxc5 25. Ra7 Qd5 26. Rea1 Qxe5 27. Re1 Qd5 28.
Be2 Nxe2+ 29. Rxe2 Ra8 30. Rc7 Ra1+ 31. Re1 Rfa8 32. Qe2 Qd6 33. Rb7 Qc6 34.
Rbb1 Rxb1 35. Rxb1 Re8 36. Qd2 Bd5 37. f3 Qe6 38. Kf2 Qf6 39. Re1 Rxe1 40. Qxe1
Qh4+ 41. Kf1 Qxe1+ 42. Kxe1 f5 43. Kf2 g5 44. Kg3 f4+ 45. Kg4 Be6+ 46. Kh5 Kg7
47. h4 gxh4 48. Kxh4 Kg6 49. g3 fxg3 50. Kxg3 Kf5 51. f4 Ba2 52. Kf3 Bb1 53.
Ke2 h5 54. Kd2 h4 55. Kc1 h3 56. Kxb1 h2 57. Kb2 h1=Q 58. Kb3 Qb1+ 59. Kc4 Kxf4
60. Kxc5 Ke5 61. c4 dxc3 62. d4+ Ke4 63. d5 c2 64. d6 c1=Q# 0-1

[Event "IX JUEGOS DEPORTIVOS NACIONALES DE MENORES 2014"]
[Site "CARPUELA, IMBABURA"]
[Date "2014.11.01"]
[Round "1"]
[Board "6"]
[White "Pacheco Jimenez, Yesenia Camil"]
[Black "Granda Castro, Nicole"]
[Result "1-0"]
[WhiteElo "1328"]
[BlackElo "1550"]
[PlyCount "81"]
[EventDate "2014.11.01"]
[EventRounds "7"]
[EventCountry "ECU"]

1. e4 e5 2. Nf3 Nc6 3. d4 exd4 4. Bc4 Nf6 5. O-O Bc5 6. Re1 O-O 7. c3 dxc3 8.
Nxc3 d6 9. h3 Re8 10. Ng5 Be6 11. Nxe6 fxe6 12. Bg5 Ne5 13. Bb3 a6 14. a3 Qe7
15. Rc1 Ba7 16. Rf1 Rf8 17. Kh1 Rf7 18. f4 Ng6 19. f5 exf5 20. Bxf7+ Qxf7 21.
Bxf6 Qxf6 22. Rxf5 Qe7 23. Qd5+ Kh8 24. Qxb7 Qd8 25. Nd5 c5 26. Rf7 Qb8 27.
Qxb8+ Rxb8 28. Rxa7 h6 29. Rxa6 Rxb2 30. Rxd6 Nh4 31. Ne3 Re2 32. Rd3 g5 33.
Rd8+ Kg7 34. Nf5+ Nxf5 35. exf5 Re5 36. g4 Kf6 37. Rd6+ Kf7 38. Rxh6 Ke7 39.
Re6+ Rxe6 40. fxe6 Kxe6 41. Rxc5 1-0

[Event "IX JUEGOS DEPORTIVOS NACIONALES DE MENORES 2014"]
[Site "CARPUELA, IMBABURA"]
[Date "2014.11.01"]
[Round "1"]
[Board "7"]
[White "Rueda Peralta, Samy Lorena"]
[Black "Jaramillo Cabrera, Claudia And"]
[Result "1-0"]
[WhiteElo "1531"]
[BlackElo "1291"]
[PlyCount "59"]
[EventDate "2014.11.01"]
[EventRounds "7"]
[EventCountry "ECU"]

1. e4 e5 2. Nf3 Nc6 3. Bb5 a6 4. Bxc6 dxc6 5. d4 exd4 6. Qxd4 Qxd4 7. Nxd4 c5
8. Ne2 Bd6 9. O-O Be6 10. Nbc3 O-O-O 11. Be3 Nf6 12. h3 h6 13. f4 Nd7 14. b3 f6
15. Rad1 c4 16. Nd5 Nc5 17. Ng3 cxb3 18. cxb3 Rhe8 19. b4 Nd7 20. Bf2 Bxd5 21.
exd5 Bxf4 22. Nf5 g6 23. Ng7 Re4 24. Ne6 Re8 25. Rfe1 Rxe1+ 26. Rxe1 Be5 27.
Nf4 Rg8 28. Nd3 Bd6 29. Bc5 Bg3 30. Re6 1-0

[Event "IX JUEGOS DEPORTIVOS NACIONALES DE MENORES 2014"]
[Site "CARPUELA, IMBABURA"]
[Date "2014.11.01"]
[Round "1"]
[Board "8"]
[White "Guaicha Encalada, Jennifer Ale"]
[Black "Gualsaqui Coronado, Sara"]
[Result "1-0"]
[WhiteElo "1239"]
[BlackElo "1528"]
[PlyCount "45"]
[EventDate "2014.11.01"]
[EventRounds "7"]
[EventCountry "ECU"]

1. e4 c5 2. Nf3 e6 3. d4 cxd4 4. Nxd4 a6 5. Nc3 b5 6. a3 Bc5 7. Be2 Ne7 8. O-O
O-O 9. Nb3 Bb6 10. Kh1 Nbc6 11. f4 Bb7 12. f5 Ne5 13. f6 N7g6 14. fxg7 Kxg7 15.
Nd2 Kh8 16. Nf3 Rg8 17. Nxe5 Nxe5 18. Bf4 Ng6 19. Bg3 d5 20. Rxf7 Ra7 21. Qf1
dxe4 22. Rd1 Qc8 23. Qf6+ 1-0

[Event "IX JUEGOS DEPORTIVOS NACIONALES DE MENORES 2014"]
[Site "CARPUELA, IMBABURA"]
[Date "2014.11.01"]
[Round "1"]
[Board "9"]
[White "Quimi Gonzales, Susan Yamille"]
[Black "Diaz Pabon, Karol Estefania"]
[Result "1-0"]
[WhiteElo "1525"]
[BlackElo "1767"]
[PlyCount "74"]
[EventDate "2014.11.01"]
[EventRounds "7"]
[EventCountry "ECU"]

1. Nf3 c5 2. d3 d6 3. g3 Nf6 4. Nbd2 Nc6 5. e4 e6 6. Bg2 Bd7 7. c3 Be7 8. Qc2
b5 9. b3 a6 10. Bb2 O-O 11. O-O Qc7 12. Rac1 Rac8 13. d4 b4 14. c4 cxd4 15.
Nxd4 Qb6 16. Nxc6 Bxc6 17. h3 a5 18. Rfe1 Nd7 19. Nf1 Bf6 20. Bxf6 Nxf6 21. e5
Bxg2 22. Kxg2 Nd7 23. exd6 Qxd6 24. Rcd1 Qc6+ 25. Kh2 Nf6 26. Rd4 Rfd8 27. Rh4
g6 28. Ne3 Qd6 29. Re2 Qd3 30. Qxd3 Rxd3 31. Nc2 Rcd8 32. c5 Rc8 33. Rc4 Nd7
34. c6 Nb6 35. Rc5 Rd5 36. Rxd5 Nxd5 37. Nd4 Nc3 1-0

[Event "IX JUEGOS DEPORTIVOS NACIONALES DE MENORES 2014"]
[Site "CARPUELA, IMBABURA"]
[Date "2014.11.01"]
[Round "1"]
[Board "10"]
[White "Patino Ortega, Patricia"]
[Black "Herrera Silva, Dominique"]
[Result "1-0"]
[WhiteElo "1756"]
[BlackElo "1502"]
[PlyCount "93"]
[EventDate "2014.11.01"]
[EventRounds "7"]
[EventCountry "ECU"]

1. e4 e5 2. Nf3 Nc6 3. d4 exd4 4. Nxd4 Bc5 5. Be3 Qf6 6. c3 Nge7 7. Be2 d5 8.
Nxc6 Qxc6 9. Bxc5 Qxc5 10. Bf3 c6 11. O-O O-O 12. Re1 Be6 13. Qd3 Rad8 14. Qd4
Qxd4 15. cxd4 Rfe8 16. Rd1 dxe4 17. Bxe4 Bd5 18. Bxd5 Rxd5 19. Nc3 Rd6 20. Rd2
b5 21. a3 Red8 22. Re1 Nf5 23. Ne2 c5 24. Red1 cxd4 25. g4 Nh4 26. Rd3 g5 27.
Kh1 f5 28. h3 fxg4 29. hxg4 Kg7 30. Rxd4 Rxd4 31. Rxd4 Rxd4 32. Nxd4 a6 33.
Ne6+ Kg6 34. Nc7 h5 35. gxh5+ Kxh5 36. Nxa6 Kg4 37. Nc7 Kf3 38. Nxb5 Kxf2 39.
Nc3 g4 40. b4 g3 41. Ne4+ Kf3 42. Nxg3 Kxg3 43. a4 Nf5 44. b5 Ng7 45. b6 Ne8
46. b7 Kf3 47. b8=Q 1-0

[Event "IX JUEGOS DEPORTIVOS NACIONALES DE MENORES 2014"]
[Site "CARPUELA, IMBABURA"]
[Date "2014.11.01"]
[Round "1"]
[Board "11"]
[White "Ordonez Montano, Nayely Susana"]
[Black "Mazon Vera, Cristina Michelle"]
[Result "0-1"]
[WhiteElo "1498"]
[BlackElo "1739"]
[PlyCount "43"]
[EventDate "2014.11.01"]
[EventRounds "7"]
[EventCountry "ECU"]

1. e4 e5 2. Nf3 Nc6 3. Bb5 a6 4. Ba4 Nf6 5. O-O b5 6. Bb3 d6 7. d3 Na5 8. Bg5
Nxb3 9. axb3 Be7 10. h3 Be6 11. Nbd2 c6 12. Qe2 Nd7 13. Be3 Bf6 14. Rac1 d5 15.
d4 O-O 16. c4 Re8 17. c5 dxe4 18. Nxe4 Bxb3 19. Rfe1 exd4 20. Nxd4 Bc4 21. Qg4
Nxc5 22. Bg5 0-1

[Event "IX JUEGOS DEPORTIVOS NACIONALES DE MENORES 2014"]
[Site "CARPUELA, IMBABURA"]
[Date "2014.11.01"]
[Round "2"]
[Board "1"]
[White "Guaicha Encalada, Jennifer Ale"]
[Black "Ortiz Verdesoto, Anahi Eduarda"]
[Result "0-1"]
[WhiteElo "1239"]
[BlackElo "1604"]
[PlyCount "45"]
[EventDate "2014.11.01"]
[EventRounds "7"]
[EventCountry "ECU"]

1. e4 e5 2. Nf3 d6 3. d4 exd4 4. Nxd4 g6 5. Bc4 Bg7 6. O-O Nf6 7. Nc3 O-O 8. h3
Re8 9. Qd3 Nbd7 10. Nb3 Ne5 11. Qe2 c6 12. f4 Nxc4 13. Qxc4 Nxe4 14. Nxe4 d5
15. Qd3 Rxe4 16. Kh1 Bf5 17. Qd1 Qe7 18. g4 Re2 19. Nd2 Be4+ 20. Rf3 Bxf3+ 21.
Nxf3 Qe4 22. Qd3 Qxd3 23. cxd3 0-1

[Event "IX JUEGOS DEPORTIVOS NACIONALES DE MENORES 2014"]
[Site "CARPUELA, IMBABURA"]
[Date "2014.11.01"]
[Round "2"]
[Board "2"]
[White "Nunez Giler, Fanny Cecilia"]
[Black "Patino Ortega, Patricia"]
[Result "1-0"]
[WhiteElo "1409"]
[BlackElo "1756"]
[PlyCount "81"]
[EventDate "2014.11.01"]
[EventRounds "7"]
[EventCountry "ECU"]

1. Nf3 Nf6 2. g3 g6 3. Bg2 Bg7 4. c4 O-O 5. Nc3 Nc6 6. Rb1 d5 7. cxd5 Nxd5 8.
O-O Nxc3 9. bxc3 Rb8 10. Re1 e5 11. Bb2 Bg4 12. h3 Bxf3 13. Bxf3 Re8 14. d3 Qd7
15. Bg2 Qd6 16. Qb3 Red8 17. Ba3 Qd7 18. Qa4 a6 19. c4 h5 20. Kh2 Kh7 21. Bc5
f5 22. Rxb7 Rxb7 23. Bxc6 Qc8 24. Bxb7 Qxb7 25. Be7 Rb8 26. Qd7 c5 27. Qxb7
Rxb7 28. Bxc5 Rb2 29. a3 Ra2 30. Kg2 Kg8 31. Kf3 Bf8 32. Bxf8 Kxf8 33. Rb1 Rxa3
34. Rb7 e4+ 35. Ke3 exd3 36. exd3 Ra5 37. Kd4 Ra4 38. Ke5 Ra3 39. Kf6 Rxd3 40.
Rb8+ Rd8 41. Rxd8# 1-0

[Event "IX JUEGOS DEPORTIVOS NACIONALES DE MENORES 2014"]
[Site "CARPUELA, IMBABURA"]
[Date "2014.11.01"]
[Round "2"]
[Board "3"]
[White "Mazon Vera, Cristina Michelle"]
[Black "Penafiel Mendoza, Josselyne St"]
[Result "1/2-1/2"]
[WhiteElo "1739"]
[BlackElo "1389"]
[PlyCount "40"]
[EventDate "2014.11.01"]
[EventRounds "7"]
[EventCountry "ECU"]

1. e4 c5 2. Nf3 d6 3. c3 Nf6 4. Bd3 a6 5. Bc2 e6 6. d4 cxd4 7. cxd4 b5 8. Bg5
Be7 9. O-O Bb7 10. Nbd2 Nbd7 11. Re1 h6 12. Bh4 g5 13. Bg3 Nh5 14. Nf1 Nxg3 15.
Nxg3 g4 16. Nd2 h5 17. Ngf1 Rg8 18. Ne3 Rc8 19. Rc1 Bf6 20. a4 d5 1/2-1/2

[Event "IX JUEGOS DEPORTIVOS NACIONALES DE MENORES 2014"]
[Site "CARPUELA, IMBABURA"]
[Date "2014.11.01"]
[Round "2"]
[Board "4"]
[White "Paredes Alvarez, Andrea Estefa"]
[Black "Rueda Peralta, Samy Lorena"]
[Result "1-0"]
[WhiteElo "1340"]
[BlackElo "1531"]
[PlyCount "71"]
[EventDate "2014.11.01"]
[EventRounds "7"]
[EventCountry "ECU"]

1. e4 e5 2. Nf3 Nc6 3. d4 exd4 4. Nxd4 Be7 5. Nc3 Nf6 6. Be3 O-O 7. f3 b6 8.
Qd2 Bc5 9. Nb3 Bxe3 10. Qxe3 Nb4 11. O-O-O Bb7 12. g4 Re8 13. Qd2 d5 14. g5 Nh5
15. a3 Nc6 16. Nxd5 Ne5 17. Be2 Bxd5 18. exd5 Qe7 19. Rhe1 Rad8 20. f4 Nc6 21.
Bxh5 Qd6 22. Rxe8+ Rxe8 23. dxc6 Qxc6 24. Qd7 Qxd7 25. Rxd7 Re1+ 26. Kd2 Re8
27. Bxf7+ Kf8 28. Bxe8 Kxe8 29. Rxg7 Kf8 30. Rxc7 Ke8 31. f5 Kd8 32. Rxa7 Ke8
33. Nd4 Kf8 34. f6 Kg8 35. f7+ Kf8 36. Ne6# 1-0

[Event "IX JUEGOS DEPORTIVOS NACIONALES DE MENORES 2014"]
[Site "CARPUELA, IMBABURA"]
[Date "2014.11.01"]
[Round "2"]
[Board "5"]
[White "Pazmay Mora, Helen"]
[Black "Pacheco Jimenez, Yesenia Camil"]
[Result "0-1"]
[WhiteElo "1625"]
[BlackElo "1328"]
[PlyCount "81"]
[EventDate "2014.11.01"]
[EventRounds "7"]
[EventCountry "ECU"]

1. e4 c5 2. Nf3 e6 3. d4 cxd4 4. Nxd4 a6 5. a4 Be7 6. Nc3 Nc6 7. Be3 Nf6 8. Bc4
Qc7 9. Qd2 Bb4 10. O-O Nxe4 11. Qd3 Bxc3 12. bxc3 d5 13. Bb3 O-O 14. c4 Nb4 15.
Qe2 b6 16. f3 Nf6 17. c3 Nc6 18. Qd2 Nxd4 19. Bxd4 dxc4 20. Bc2 e5 21. Be3 Bb7
22. Bg5 Rad8 23. Qe3 Qd6 24. Rfd1 Qe6 25. Rab1 Nd5 26. Qd2 f6 27. Be3 f5 28.
Bg5 Rc8 29. Re1 Rfe8 30. f4 e4 31. a5 b5 32. Qf2 Nxc3 33. Rbc1 Qc6 34. Qe3 Qc5
35. Qxc5 Rxc5 36. Re3 b4 37. Rg3 Ne2+ 38. Kf1 Nxc1 39. Ba4 Bc6 40. Bxc6 Rxc6
41. Ke1 0-1

[Event "IX JUEGOS DEPORTIVOS NACIONALES DE MENORES 2014"]
[Site "CARPUELA, IMBABURA"]
[Date "2014.11.01"]
[Round "2"]
[Board "7"]
[White "Granda Castro, Nicole"]
[Black "Ruiz Tipantasig, Mishele"]
[Result "0-1"]
[WhiteElo "1550"]
[BlackElo "1694"]
[PlyCount "28"]
[EventDate "2014.11.01"]
[EventRounds "7"]
[EventCountry "ECU"]

1. e4 c5 2. c3 g6 3. d4 cxd4 4. cxd4 d5 5. e5 Bg7 6. Nc3 Nc6 7. Be3 Nh6 8. Bb5
O-O 9. Nge2 a6 10. Ba4 Nf5 11. Bf4 h6 12. g4 Nh4 13. Rg1 Nf3+ 14. Kf1 Nxg1 0-1

[Event "IX JUEGOS DEPORTIVOS NACIONALES DE MENORES 2014"]
[Site "CARPUELA, IMBABURA"]
[Date "2014.11.01"]
[Round "2"]
[Board "8"]
[White "Diaz Pabon, Karol Estefania"]
[Black "Andrade Chaquinga, Deisy Anahi"]
[Result "1-0"]
[WhiteElo "1767"]
[BlackElo "1569"]
[PlyCount "85"]
[EventDate "2014.11.01"]
[EventRounds "7"]
[EventCountry "ECU"]

1. e4 e6 2. d4 d5 3. exd5 exd5 4. Nc3 Bb4 5. Bd2 Nc6 6. Nf3 Bg4 7. Bb5 Nge7 8.
O-O O-O 9. Bxc6 Nxc6 10. Be3 Bxc3 11. bxc3 Qf6 12. Bg5 Qg6 13. Qd3 h6 14. Qxg6
fxg6 15. Be3 Bxf3 16. gxf3 Rxf3 17. Rab1 b6 18. Kg2 Raf8 19. Rb5 R3f5 20. a4 a6
21. Rbb1 Na5 22. Rb4 Nc4 23. Bc1 Nd6 24. f3 Ne4 25. c4 a5 26. Rb5 Nd6 27. Rxd5
Nxc4 28. Rd7 R5f7 29. Rxf7 Rxf7 30. Re1 Kf8 31. Re4 Re7 32. d5 Rxe4 33. fxe4
Ke7 34. Kf3 Ne5+ 35. Kf4 Nc4 36. h3 Kf7 37. e5 Ke7 38. Ke4 b5 39. Kd4 Nb6 40.
axb5 Nd7 41. Ba3+ Ke8 42. c4 g5 43. Ke4 1-0

[Event "IX JUEGOS DEPORTIVOS NACIONALES DE MENORES 2014"]
[Site "CARPUELA, IMBABURA"]
[Date "2014.11.01"]
[Round "2"]
[Board "9"]
[White "Vasquez Ruiz, Allison Michelle"]
[Black "Gualsaqui Coronado, Sara"]
[Result "1-0"]
[WhiteElo "1610"]
[BlackElo "1528"]
[PlyCount "82"]
[EventDate "2014.11.01"]
[EventRounds "7"]
[EventCountry "ECU"]

1. e4 c5 2. Nf3 e6 3. d4 cxd4 4. Nxd4 a6 5. Nc3 b5 6. Be3 Bb7 7. f3 Qc7 8. Qd2
Bc5 9. Bd3 Ne7 10. g4 g6 11. h4 b4 12. Nce2 Qb6 13. f4 Nbc6 14. c3 Rc8 15. Nc2
Bxe3 16. Qxe3 Qxe3 17. Nxe3 d5 18. exd5 exd5 19. Kd2 bxc3+ 20. bxc3 Na5 21.
Rhb1 f5 22. gxf5 gxf5 23. Nxf5 Nxf5 24. Bxf5 Rc7 25. Bd3 Nc4+ 26. Bxc4 dxc4 27.
Rb6 Rd7+ 28. Nd4 Rf8 29. Rab1 Be4 30. Rb8+ Ke7 31. Rxf8 Bxb1 32. Ra8 Bxa2 33.
Rxa6 Bb1 34. Ke3 Rd6 35. Ra1 Bd3 36. Ra7+ Rd7 37. Nc6+ Ke6 38. Rxd7 Kxd7 39.
Ne5+ Ke6 40. Nxd3 cxd3 41. Kxd3 Kf5 1-0

[Event "IX JUEGOS DEPORTIVOS NACIONALES DE MENORES 2014"]
[Site "CARPUELA, IMBABURA"]
[Date "2014.11.01"]
[Round "2"]
[Board "10"]
[White "Herrera Silva, Dominique"]
[Black "Arias Moya, Andrea Elizabeth"]
[Result "0-1"]
[WhiteElo "1502"]
[BlackElo "1603"]
[PlyCount "39"]
[EventDate "2014.11.01"]
[EventRounds "7"]
[EventCountry "ECU"]

1. e4 d5 2. exd5 Nf6 3. Nc3 Nxd5 4. Bc4 Nf6 5. d4 Bf5 6. Bb3 e6 7. Be3 Bb4 8.
Qd2 Ne4 9. Qc1 Nxc3 10. Bd2 Nd5 11. Bxd5 Bxd2+ 12. Qxd2 Qxd5 13. f3 Nc6 14. Ne2
O-O 15. O-O-O Qxa2 16. Qe3 Nb4 17. Kd2 Qxb2 18. Ke1 Nxc2+ 19. Kf2 Nxe3 20. Kxe3
 0-1

[Event "IX JUEGOS DEPORTIVOS NACIONALES DE MENORES 2014"]
[Site "CARPUELA, IMBABURA"]
[Date "2014.11.01"]
[Round "2"]
[Board "11"]
[White "Lituma Llugsa, Sofia Jardiel"]
[Black "Ordonez Montano, Nayely Susana"]
[Result "1-0"]
[WhiteElo "1591"]
[BlackElo "1498"]
[PlyCount "27"]
[EventDate "2014.11.01"]
[EventRounds "7"]
[EventCountry "ECU"]

1. e4 e5 2. Nf3 Nc6 3. Bc4 Nf6 4. Nc3 h6 5. d4 d6 6. dxe5 Nxe4 7. Nxe4 dxe5 8.
Be3 Bd6 9. O-O O-O 10. Qd3 Qd7 11. Rad1 b6 12. Nxd6 Qxd6 13. Qxd6 cxd6 14. Rxd6
 1-0

[Event "IX JUEGOS DEPORTIVOS NACIONALES DE MENORES 2014"]
[Site "CARPUELA, IMBABURA"]
[Date "2014.11.02"]
[Round "3"]
[Board "1"]
[White "Ortiz Verdesoto, Anahi Eduarda"]
[Black "Paredes Alvarez, Andrea Estefa"]
[Result "1-0"]
[WhiteElo "1604"]
[BlackElo "1340"]
[PlyCount "57"]
[EventDate "2014.11.01"]
[EventRounds "7"]
[EventCountry "ECU"]

1. e4 Nf6 2. e5 Nd5 3. d4 d6 4. exd6 cxd6 5. Nf3 g6 6. c4 Nb6 7. Nc3 Bg7 8. h3
O-O 9. Be2 Bf5 10. O-O Nc6 11. Be3 d5 12. cxd5 Nxd5 13. Rc1 e5 14. Nxd5 Qxd5
15. Bc4 Qa5 16. d5 Rad8 17. Bd2 Qb6 18. dxc6 e4 19. Nh4 Qxb2 20. Rc2 Qf6 21.
Nxf5 Qxf5 22. c7 Rc8 23. Bb4 Rfe8 24. Be2 Qe5 25. Bd6 Qa5 26. Rc5 Qxa2 27. Bb5
e3 28. fxe3 Rxe3 29. Bc4 1-0

[Event "IX JUEGOS DEPORTIVOS NACIONALES DE MENORES 2014"]
[Site "CARPUELA, IMBABURA"]
[Date "2014.11.02"]
[Round "3"]
[Board "3"]
[White "Penafiel Mendoza, Josselyne St"]
[Black "Guaicha Encalada, Jennifer Ale"]
[Result "1-0"]
[WhiteElo "1389"]
[BlackElo "1239"]
[PlyCount "97"]
[EventDate "2014.11.01"]
[EventRounds "7"]
[EventCountry "ECU"]

1. Nf3 Nf6 2. d4 e6 3. c4 d5 4. g3 c6 5. Bg2 Bd6 6. O-O O-O 7. Re1 dxc4 8. e4
Bb4 9. Bd2 c5 10. Bxb4 cxb4 11. Qc2 b5 12. a4 Qa5 13. Nbd2 b3 14. Qc1 Ba6 15.
axb5 Qxb5 16. Qc3 Nc6 17. Ne5 Nxe5 18. dxe5 Ng4 19. h3 Nh6 20. Ra5 Qc6 21. Nxb3
Rfd8 22. Bf1 Qb6 23. Nc5 Bb5 24. Na4 Qc6 25. b3 a6 26. Nb2 cxb3 27. Qxb3 Bxf1
28. Kxf1 Rab8 29. Qa3 Rd2 30. Rc5 Qd7 31. Nc4 Rd3 32. Qa1 Kh8 33. Nd6 Rd2 34.
Rec1 Rbb2 35. Rc8+ Ng8 36. Qxb2 Rxb2 37. R8c7 Qxc7 38. Rxc7 h6 39. Rxf7 a5 40.
Ra7 Ra2 41. Ne8 a4 42. Nxg7 Ra1+ 43. Kg2 a3 44. Nxe6 a2 45. Nd4 Re1 46. Rxa2
Rxe4 47. Nc6 Kg7 48. Ra7+ Kg6 49. Kf3 1-0

[Event "IX JUEGOS DEPORTIVOS NACIONALES DE MENORES 2014"]
[Site "CARPUELA, IMBABURA"]
[Date "2014.11.02"]
[Round "3"]
[Board "5"]
[White "Arias Moya, Andrea Elizabeth"]
[Black "Jaramillo Cabrera, Claudia And"]
[Result "0-1"]
[WhiteElo "1603"]
[BlackElo "1291"]
[PlyCount "76"]
[EventDate "2014.11.01"]
[EventRounds "7"]
[EventCountry "ECU"]

1. e4 e5 2. Nc3 Nf6 3. g3 Nc6 4. Bg2 Bc5 5. h3 d6 6. Nge2 Be6 7. O-O Qd7 8. Kh2
a6 9. f4 exf4 10. d4 fxg3+ 11. Kxg3 Bb6 12. d5 Ne5 13. dxe6 fxe6 14. Nf4 O-O-O
15. Kh2 Qe7 16. b3 Rdg8 17. Nd3 Nc6 18. Bb2 h5 19. Na4 e5 20. Nxb6+ cxb6 21.
Qf3 Kb8 22. Qf2 Nd7 23. Qf7 Qd8 24. Qe6 Rh6 25. Qf7 g5 26. Bc1 Rhg6 27. Qh7 g4
28. Qxh5 gxh3 29. Bxh3 Nf6 30. Rxf6 Qxf6 31. Qf5 Qh4 32. Qf2 Qxe4 33. Ne1 Nd4
34. Bb2 Rh6 35. Rd1 Rxh3+ 36. Kxh3 Qh1+ 37. Qh2 Rh8+ 38. Kg3 Qxh2+ 0-1

[Event "IX JUEGOS DEPORTIVOS NACIONALES DE MENORES 2014"]
[Site "CARPUELA, IMBABURA"]
[Date "2014.11.02"]
[Round "3"]
[Board "6"]
[White "Rueda Peralta, Samy Lorena"]
[Black "Diaz Pabon, Karol Estefania"]
[Result "1-0"]
[WhiteElo "1531"]
[BlackElo "1767"]
[PlyCount "47"]
[EventDate "2014.11.01"]
[EventRounds "7"]
[EventCountry "ECU"]

1. e4 c5 2. Nf3 d6 3. d4 cxd4 4. Nxd4 Nf6 5. Nc3 a6 6. Be3 e6 7. f4 Nbd7 8. Qf3
Be7 9. O-O-O O-O 10. Bd3 Nc5 11. e5 Nxd3+ 12. Rxd3 dxe5 13. Nxe6 Qa5 14. Nxf8
Kxf8 15. fxe5 Qxe5 16. Qf4 Qxf4 17. Bxf4 Bf5 18. Rd2 Kg8 19. Bd6 Bd8 20. Nd5
Ne4 21. Re2 Nxd6 22. Rhe1 Rc8 23. Re8+ Nxe8 24. Rxe8# 1-0

[Event "IX JUEGOS DEPORTIVOS NACIONALES DE MENORES 2014"]
[Site "CARPUELA, IMBABURA"]
[Date "2014.11.02"]
[Round "3"]
[Board "7"]
[White "Patino Ortega, Patricia"]
[Black "Vasquez Ruiz, Allison Michelle"]
[Result "0-1"]
[WhiteElo "1756"]
[BlackElo "1610"]
[PlyCount "67"]
[EventDate "2014.11.01"]
[EventRounds "7"]
[EventCountry "ECU"]

1. e4 e5 2. Nf3 Nc6 3. d4 exd4 4. Nxd4 Bc5 5. Be3 Qf6 6. c3 d6 7. Be2 Nge7 8.
Bf3 O-O 9. Nxc6 Nxc6 10. Bxc5 dxc5 11. O-O Qg6 12. Qd2 Ne5 13. Qe2 Re8 14. Nd2
Nxf3+ 15. Qxf3 Bg4 16. Qg3 Rad8 17. Qe3 b6 18. Rfe1 Rd7 19. Kh1 Red8 20. Nc4 f6
21. f3 Be6 22. Qe2 b5 23. Na3 Rd2 24. Qf1 a6 25. Red1 Qxg2+ 26. Qxg2 Rxd1+ 27.
Rxd1 Rxd1+ 28. Qg1 Rxg1+ 29. Kxg1 Kf7 30. Kf2 Ke7 31. Ke3 Kd6 32. Kd3 Ke5 33.
b4 cxb4 34. cxb4 0-1

[Event "IX JUEGOS DEPORTIVOS NACIONALES DE MENORES 2014"]
[Site "CARPUELA, IMBABURA"]
[Date "2014.11.02"]
[Round "3"]
[Board "9"]
[White "Andrade Chaquinga, Deisy Anahi"]
[Black "Lituma Llugsa, Sofia Jardiel"]
[Result "1-0"]
[WhiteElo "1569"]
[BlackElo "1591"]
[PlyCount "107"]
[EventDate "2014.11.01"]
[EventRounds "7"]
[EventCountry "ECU"]

1. e4 e5 2. Nf3 Nc6 3. Bc4 Bc5 4. d3 Nf6 5. Nc3 d6 6. O-O Bg4 7. Na4 Nd4 8.
Nxc5 dxc5 9. Be3 Nxf3+ 10. gxf3 Bh3 11. Re1 b6 12. Bg5 h6 13. Bh4 g5 14. Bg3
Qe7 15. Bd5 Rd8 16. Bc6+ Nd7 17. Qd2 Qf6 18. Re3 Qxc6 19. Qc3 f6 20. Rd1 h5 21.
d4 Ke7 22. dxe5 fxe5 23. Bxe5 Nxe5 24. Qxe5+ Kf7 25. Red3 Rxd3 26. Rxd3 Qa4 27.
Qxh8 Qxc2 28. Qxh5+ Kf6 29. Qxh3 Qxd3 30. Qh6+ Kf7 31. Qh7+ Kf6 32. a3 Qxf3 33.
Qh6+ Ke5 34. Qxg5+ Kxe4 35. Qe7+ Kd3 36. Qxc7 Ke2 37. Qe5+ Kd1 38. Qe3 Qg4+ 39.
Qg3 Qe2 40. Qc3 Qg4+ 41. Qg3 Qe2 42. h4 b5 43. f4 Qxb2 44. h5 b4 45. axb4 Qxb4
46. h6 c4 47. h7 c3 48. h8=Q c2 49.